[Event "American Continental 09th"]
[Site "Cochabamba"]
[Date "2013.05.08"]
[Round "2"]
[White "Monroy Carrizo, Javier"]
[Black "Quiroga, Walter Gonzalo"]
[Result "1-0"]
[WhiteElo "2053"]
[BlackElo "1598"]
[PlyCount "67"]
[EventDate "2013.05.07"]
[EventType "swiss"]
[EventRounds "11"]
[EventCountry "BOL"]
[SourceTitle "CBM 154 Extra"]
[Source "ChessBase"]
[SourceDate "2013.06.25"]
[SourceVersion "2"]
[SourceVersionDate "2013.06.25"]
[SourceQuality "1"]

1. d4 d5 2. Nf3 Nf6 3. g3 c5 4. Bg2 Nc6 5. 0-0 e6 6. b3 cxd4 7. Nxd4 Bc5 8. Nxc6 bxc6 9. Bb2 0-0 10. Nd2 Ba6 11. Re1 Re8 12. e4 e5 13. exd5 cxd5 14. Rxe5 Qb6 15. Qf3 Re6 16. Rxe6 Qxe6 17. Bxf6 Qxf6 18. Qxf6 gxf6 19. Bxd5 Rd8 20. c4 Bb7 21. Ne4 Bd4 22. Rd1 Be5 23. f4 Bc7 24. Nxf6+ Kg7 25. Ne4 f5 26. Ng5 Bc8 27. Re1 Rd7 28. Re8 Bb6+ 29. Kf1 Ba6 30. Rg8+ Kf6 31. Rf8+ Kg6 32. Be6 Rd6 33. Bxf5+ Kg7 34. Rf7+ 1-0